000 00322nam a22001097a 4500
008 160512b xxu||||| |||| 00| 0 eng d
020 _a0813117887
041 _aeng
080 _a61
245 _aRespiratory control central and peripheral mechanisms:
_cDexter F.Speck;Michael S. Dekin; W. Robert Revelette;
942 _2udc
_cBK
999 _c2064
_d2064